Vector analysis with applications (Record no. 7970)

000 -LEADER
fixed length control field 00491nam a22001937a 4500
001 - CONTROL NUMBER
control field 7970
003 - CONTROL NUMBER IDENTIFIER
control field BD-DhUET
008 - FIXED-LENGTH DATA ELEMENTS--GENERAL INFORMATION
fixed length control field 141221b xxu||||| |||| 00| 0 eng d
040 ## - CATALOGING SOURCE
Transcribing agency 0
Modifying agency BD-DhUET
082 ## - DEWEY DECIMAL CLASSIFICATION NUMBER
Classification number 516.83
Item number ALI/1977
100 ## - MAIN ENTRY--PERSONAL NAME
Personal name Ali Ashraf
245 ## - TITLE STATEMENT
Title Vector analysis with applications
Statement of responsibility, etc. by Ali Ashraf
250 ## - EDITION STATEMENT
Edition statement 1st ed.
260 ## - PUBLICATION, DISTRIBUTION, ETC. (IMPRINT)
Place of publication, distribution, etc. Dhaka
Name of publisher, distributor, etc. Hafiz book centre
Date of publication, distribution, etc. 1977
300 ## - PHYSICAL DESCRIPTION
Extent 340[2]p.
Other physical details ill.
650 #0 - SUBJECT ADDED ENTRY--TOPICAL TERM
Topical term or geographic name as entry element Vector analysis
700 ## - ADDED ENTRY--PERSONAL NAME
Personal name Abdul Khaleq Hazra, Md.
942 ## - ADDED ENTRY ELEMENTS (KOHA)
Koha item type General Book
Holdings
Koha date last borrowed Not for loan Price effective from Damaged status Koha normalized classification for sorting Withdrawn status Source of classification or shelving scheme Koha out on loan Sublocation or collection (holding branch) Piece designation (barcode) Koha full call number Location (home branch) Shelving location Copy number Koha item type Date acquired Koha issues (times borrowed) Lost status Koha date last seen
2023-09-26 2014-12-21 516_830000000000000_ALI_1977   Central Library, BUET48782516.83/ALI/1977Central Library, BUETCirculation section1General Book2014-12-2113 2025-11-09
2024-02-04 2015-03-31 516_830000000000000_ALI_1977  2024-02-18Central Library, BUET48785516.83/ALI/1977Central Library, BUETCirculation section2General Book2015-03-319 2024-02-04
  2015-06-07 516_830000000000000_ALI_1977   Central Library, BUET56215516.83/ALI/1977Central Library, BUETReading section3General Book2015-06-07  2015-06-07
  2015-06-07 516_830000000000000_ALI_1977   Central Library, BUET56213516.83/ALI/1977Central Library, BUETReading section4General Book2015-06-07  2015-06-07
  2015-06-07 516_830000000000000_ALI_1977   Central Library, BUET56216516.83/ALI/1977Central Library, BUETReading section5General Book2015-06-07  2015-06-07
  2015-06-07 516_830000000000000_ALI_1977   Central Library, BUET56218516.83/ALI/1977Central Library, BUETReading section6General Book2015-06-07  2015-06-07
2024-10-23 2015-07-12 516_830000000000000_ALI_1977   Central Library, BUET56212516.83/ALI/1977Central Library, BUETCirculation section7General Book2015-07-121 2025-11-09